| 000 | 01219nam a2200241Ia 4500 | ||
|---|---|---|---|
| 003 | Ost | ||
| 005 | 20260507075202.0 | ||
| 008 | 260507s9999||||xx |||||||||||||| ||und|| | ||
| 040 | _cfsecg | ||
| 041 | _aara | ||
| 082 | _a330 | ||
| 100 |
_aالخطيب، احمد _eمؤلف |
||
| 245 | 0 |
_aإدارة المعرفة و نظم المعلومات / _c احمد الخطيب |
|
| 260 |
_aعمان: _bعالم الكتب الحديث, _c2009 |
||
| 300 |
_a233 صفحة؛ _bإيضاحات ؛ _c24 سم |
||
| 504 | _aمراجع ص.225 ؛ ملاحق ص.195 | ||
| 520 | _aإدارة المعرفة و نظام هذه الإدارة ، إدارة نظم المعلومات : دراسة في القطاع التربوي ، نظام المعلومات الادارية و نظم المعلومات التربوية ، التجارب المحلية في الأردن ، العلاقة ما بين نظم إدارة المعلومات و تحديد السياسات التربوية . | ||
| 653 | _aالمعرفة | ||
| 653 | _aنظم المعلومات الإدارية | ||
| 653 | _aنظم المعلومات- المؤسسة الممتدة | ||
| 700 |
_aزيغان، خالد _eمؤلف ثانوي |
||
| 942 | _cكتاب | ||
| 999 |
_c43407 _d43407 |
||